Desarrollo Económico (Registro nro. 4579)

Detalles MARC
000 -LEADER
fixed length control field 01514 a2200229 4500
001 - CONTROL NUMBER
control field 48369
005 - DATE AND TIME OF LATEST TRANSACTION
control field 20260407155748.0
008 - FIXED-LENGTH DATA ELEMENTS--GENERAL INFORMATION
fixed length control field 260407a1966 arg spa d
003 - CONTROL NUMBER IDENTIFIER
control field AR-UNSa-BCEJYS
040 ## - CATALOGING SOURCE
Original cataloging agency AR-UNSa-BCEJYS
Language of cataloging spa
Transcribing agency AR-UNSa-BCEJYS
080 ## - UNIVERSAL DECIMAL CLASSIFICATION NUMBER
Universal Decimal Classification number 330.34
Common auxiliary subdivision Desarrollo Económico
100 1# - MAIN ENTRY--PERSONAL NAME
Personal name Kindleberger, Charles P.
245 10 - TITLE STATEMENT
Title Desarrollo Económico
250 ## - EDITION STATEMENT
Edition statement 2da. ed.
264 #1 - PRODUCTION, PUBLICATION, DISTRIBUTION, MANUFACTURE, AND COPYRIGHT NOTICE
Place of production, publication, distribution, manufacture New York :
Name of producer, publisher, distributor, manufacturer McGraw-Hill
Date of production, publication, distribution, manufacture, or copyright notice 1966
300 ## - PHYSICAL DESCRIPTION
Extent 432 p.
Dimensions 23 cm.
505 ## - FORMATTED CONTENTS NOTE
Formatted contents note PRIMERA PARTE: La teoría del desarrollo económico: 1. Crecimiento económico y desarrollo - 2. Aspectos no económicos del desarrollo - 3. Teorías del crecimiento económico - 4. La tierra - 5. El capital - 6. El trabajo - 7. La organización - 8. Tecnología - 9. La dimensión - 10. Transformación - SEGUNDA PARTE: Problemas de política interior: 11. La asignación directa de recursos en oposición a la asignación mediante el sistema de precios - 12. Industrialización o agricultura - 13. Problemas de la política monetaria y fiscal - 14. Tecnología de utilización intensiva de capital y tecnología de empleo intensivo de trabajo - 15. El problema de la población - TERCERA PARTE: Aspectos internacionales: 16. Comercio exterior o autarquía - 17. La financiación exterior - 18. Cooperación regional - 19. Las relaciones con los países desarrollados - 20. Algunas conclusiones.
590 ## - LOCAL NOTE (RLIN)
Local note niveau_biblio:m niveau_hierar:0
700 1# - ADDED ENTRY--PERSONAL NAME
Personal name Cremades Cepa, Rafael
700 1# - ADDED ENTRY--PERSONAL NAME
Personal name Reig Garcia, Víctor
942 ## - ADDED ENTRY ELEMENTS (KOHA)
Koha item type
Existencias
Withdrawn status Lost status Damaged status Not for loan Home library Current library Shelving location Date acquired Total checkouts Full call number Barcode Date last seen Price effective from Koha item type
        Biblioteca Prof. Eusebio Cleto del Rey Biblioteca Prof. Eusebio Cleto del Rey   07/04/2026   330.34 K51 L22894 07/04/2026 07/04/2026 Libro
        Biblioteca Prof. Eusebio Cleto del Rey Biblioteca Prof. Eusebio Cleto del Rey   07/04/2026   330.34 K51 L22548 07/04/2026 07/04/2026 Libro
        Biblioteca Prof. Eusebio Cleto del Rey Biblioteca Prof. Eusebio Cleto del Rey   07/04/2026   330.34 K51 L22893 07/04/2026 07/04/2026 Libro